000 00805cpmaa2200265 4500
001 mm 81051201
003 DLC
005 20260227111709.0
008 810512|||||||||||| eng
010 _amm 81051201
040 _aDLC
_cDLC
_edacs
_dDLC
072 7 _aL
_2lcmd
100 1 _aFollett, Wilson,
_d1887-1963.
245 0 0 _aModern American usage :
_ktypescript,
_f1966.
300 _a1
_fitem.
300 _a1
_fcontainer.
506 0 _aOpen to research.
545 0 _aAuthor.
533 _aPhotocopy.
_b[S.l.].
546 _aCollection material in English.
650 0 _aGrammar.
656 7 _aAuthors.
_2itoamc
999 _c43193
_d43193